000 00334nam a2200133 i 4500
001 bg
100 1 _aSIEPAK, Jerzy Stanisław
245 0 _aNośność blachownic w stanach nadkrytycznych /
_cJ.S. Siepak.
260 _aKraków,
_c1983.
040 _cBPK
041 _apol
942 _cKS
008 s pl f |000 0 pol
999 _c22646
_d22646
856 _uhttp://koha.tu.koszalin.pl/cgi-bin/koha/opac-detail.pl?biblionumber=22646
_yKatalog online BPK